000 00186 a2200097 4500
041 _aspa
100 _aFaviano Amatulli Valente
245 _aEl Pajaro herido
942 _cBK
952 _71
999 _c25128
_d25128